000 00370 a2200145 4500
001 63151
040 _cAnchieta - Pituba
100 _aSantos Filho, José Eliomar dos
240 1 0 _a1ª Avaliação de Geografia, II Unidade
_lpor
245 1 0 _a1ª Avaliação de Geografia, II Unidade
300 _a7
362 0 _a2017
650 4 _aGeografia e História
942 _cBK
999 _c63151
_d63151